000 00802nam a22002177a 4500
003 BUBTL
008 211209b ||||| |||| 00| 0 eng d
020 _a9789849055761
082 _a891.443/ M2788u/ 1998
100 _94457
_aমাহমুদ, আল
245 _aউপমহাদেশ /
_cআল মাহমুদ
250 _a1st Edn.
260 _aঢাকা :
_bঅনন্যা,
_cc1998.
300 _a192 p. :
_c22 cm.
505 _aউপমহাদেশ, আল মাহমুদ, Fiction, বাংলা সাহিত্য, মুক্তিযুদ্ধ
650 0 _91687
_aবাংলা সাহিত্য
650 0 _91755
_aমুক্তিযুদ্ধ
856 _k0
_l0
_yDownload
942 _2ddc
_cBK
999 _c6607
_d6607